Central Library OPAC University of Rajshahi

Modern experimental biochemistry / (Record no. 69266)

MARC details
000 -LEADER
fixed length control field 01086nam a2200313 a 4500
001 - CONTROL NUMBER
control field 69266
003 - CONTROL NUMBER IDENTIFIER
rucl marc code BD-RjUL
005 - DATE AND TIME OF LATEST TRANSACTION
control field 20211209081851.0
008 - FIXED-LENGTH DATA ELEMENTS--GENERAL INFORMATION
fixed length control field 170410s1993 caua b 001 0 eng
020 ## - INTERNATIONAL STANDARD BOOK NUMBER
International Standard Book Number 0805305459
035 ## - SYSTEM CONTROL NUMBER
System control number (BD-RjUL)69477
040 ## - CATALOGING SOURCE
Original cataloging agency DLC
Transcribing agency DLC
Modifying agency BD-RjUL
Language of cataloging eng
041 ## - LANGUAGE CODE
Language code of text/sound track or separate title eng
082 00 - DEWEY DECIMAL CLASSIFICATION NUMBER
Classification number 572
Edition number 23
Author mark and year BOM 1993
100 1# - MAIN ENTRY--PERSONAL NAME
Personal name Boyer, Rodney F.
9 (RLIN) 205213
245 10 - TITLE STATEMENT
Title Modern experimental biochemistry /
Statement of responsibility, etc. Rodney F. Boyer.
250 ## - EDITION STATEMENT
Edition statement 2nd ed.
260 ## - PUBLICATION, DISTRIBUTION, ETC. (IMPRINT)
Place of publication, distribution, etc. Redwood City, Calif. :
Name of publisher, distributor, etc. Benjamin/Cummings Pub. Co.,
Date of publication, distribution, etc. c1993.
300 ## - PHYSICAL DESCRIPTION
Pagination xix, 555 p. :
Illustrations ill. ;
Size 25 cm.
504 ## - BIBLIOGRAPHY, ETC. NOTE
Bibliography, etc Includes bibliographical references and index.
650 #0 - SUBJECT ADDED ENTRY--TOPICAL TERM
Topical term or geographic name as entry element Biochemistry
General subdivision Methodology.
9 (RLIN) 205215
Topical term or geographic name as entry element Biochemistry
General subdivision Experiments.
9 (RLIN) 205216
Topical term or geographic name as entry element Molecular biology
General subdivision Methodology.
9 (RLIN) 205217
Topical term or geographic name as entry element Molecular biology
General subdivision Experiments.
9 (RLIN) 205218
830 ## - SERIES ADDED ENTRY--UNIFORM TITLE
Uniform title Benjamin/Cummings series in the life sciences and chemistry
942 ## - ADDED ENTRY ELEMENTS (KOHA)
Source of classification or shelving scheme Dewey Decimal Classification
Koha item type Books
Holdings
Lost status Source of classification or shelving scheme Damaged status Not for loan Collection code Permanent Location Current Location Shelving location Date acquired Source of acquisition Cost, normal purchase price Total Checkouts Full call number Date last seen Copy number Koha item type
  Dewey Decimal Classification   Not For Loan Non-fiction Central Library, University of Rajshahi Central Library, University of Rajshahi Reading Room 23/01/2000 Chittagong Syntex 50.00   572 BOM 1993 10/04/2017 C-1 Books